Self-organizing executive information networks.

Návrh adaptívneho samoorganizujúceho systému pre rozposielanie informácií výkonným miestam. Systém je založený na neurónovej sieti. Rozsiahly výskum počítačových systémov na báze neurónových sietí a štúdie biologických systémov dokázali praktickosť takéhoto prístupu.

Guardado en:
Detalles Bibliográficos
Autor principal: Westland, J.C
Formato: Capítulo de libro
Lenguaje:inglés
Materias:
Etiquetas: Agregar Etiqueta
Sin Etiquetas, Sea el primero en etiquetar este registro!

MARC

LEADER 00000naa a2200000 4500
001 r007494
005 20221130112712.3
041 0 |a eng 
044 |a NL 
245 1 0 |a Self-organizing executive information networks.  |c J.C. Westland 
520 |a Návrh adaptívneho samoorganizujúceho systému pre rozposielanie informácií výkonným miestam. Systém je založený na neurónovej sieti. Rozsiahly výskum počítačových systémov na báze neurónových sietí a štúdie biologických systémov dokázali praktickosť takéhoto prístupu. 
610 2 0 |a siete počítačové 
610 2 0 |a systémy informačné 
610 2 0 |a siete dátové 
610 2 0 |a systémy počítačové 
610 2 0 |a výskum 
100 1 |a Westland, J.C.